Online
Catalog

China imperial : (Record no. 20672)

MARC details
000 -CABECERA
campo de control de longitud fija 00963nam a2200229 a 4500
001 - NÚMERO DE CONTROL
campo de control 000021171
005 - FECHA Y HORA DE LA ÚLTIMA TRANSACCIÓN
campo de control 20200930011244.0
008 - DATOS DE LONGITUD FIJA--INFORMACIÓN GENERAL
campo de control de longitud fija 100901s1971 mx 000 0 spa d
040 ## - FUENTE DE LA CATALOGACIÓN
Centro catalogador/agencia de origen DO-SdBNP
Lengua de catalogación spa
Centro/agencia transcriptor BNPHU
082 ## - NÚMERO DE LA CLASIFICACIÓN DECIMAL DEWEY
Número de clasificación 951
Número de documento/Ítem S394c
100 1# - ENTRADA PRINCIPAL--NOMBRE DE PERSONA
Nombre de persona Schurmann, Franz.
9 (RLIN) 44256
240 10 - TÍTULO UNIFORME
Título uniforme Imperial China. The decline of the last dynasty and the origins of modern China. The 18th and 19th centuries.
Lenguaje de la obra Español
245 10 - MENCIÓN DE TÍTULO
Título China imperial :
Resto del título la decadencia de la última dinastía y los orígenes de la China moderna, siglos xviii y xix /
Mención de responsabilidad, etc. Franz Schurmann y Orville Schel ; traducción Juan José Utrilla.
260 ## - PUBLICACIÓN, DISTRIBUCIÓN, ETC.
Lugar de publicación, distribución, etc. México :
Nombre del editor, distribuidor, etc. Fondo de Cultura Económica,
Fecha de publicación, distribución, etc. 1971.
300 ## - DESCRIPCIÓN FÍSICA
Extensión 382 p. ;
Dimensiones 17 cm.
490 1# - MENCIÓN DE SERIE
Mención de serie Popular
Designación de volumen o secuencia 105
650 #4 - PUNTO DE ACCESO ADICIONAL DE MATERIA--TÉRMINO DE MATERIA
Término de materia o nombre geográfico como elemento de entrada China
Subdivisión general Historia
Subdivisión cronológica SIGLO XVIII
9 (RLIN) 44257
650 #4 - PUNTO DE ACCESO ADICIONAL DE MATERIA--TÉRMINO DE MATERIA
Término de materia o nombre geográfico como elemento de entrada China
Subdivisión general Política y gobierno
Subdivisión cronológica SIGLO XVIII
9 (RLIN) 44258
700 1# - PUNTO DE ACCESO ADICIONAL--NOMBRE DE PERSONA
Nombre de persona Utrilla, Juan José,
Término indicativo de función/relación tr.
9 (RLIN) 44259
700 1# - PUNTO DE ACCESO ADICIONAL--NOMBRE DE PERSONA
Nombre de persona Schel, Orville.
9 (RLIN) 44260
830 #0 - PUNTO DE ACCESO ADICIONAL DE SERIE-TÍTULO UNIFORME
Título uniforme Popular,
Designación de volumen o secuencia 105
9 (RLIN) 13374
Holdings
Estado de retiro Estado de pérdida Restricciones de uso No para préstamo Código de colección Localización permanente Ubicación/localización actual Ubicación en estantería Fecha de adquisición Número de inventario Total de préstamos Signatura topográfica completa Código de barras Fecha visto por última vez Precio válido a partir de Tipo de ítem Koha
        Monografías: Libros y Folletos General General En catalogación 01.09.2010 LF1   951 S394c 21171-10 25.06.2020 25.06.2020 Préstamo en sala
        Monografías: Libros y Folletos Patrimonio Dominicano Patrimonio Dominicano Orden iniciada 26.05.2017 LF1   951 S394c 21171-20 25.06.2020 25.06.2020 No se presta

Powered by Koha